Water Management and Water Supply in the Slovak Republic at the Regional Level
Zásobovanie vodou je jednou z najdôležitejších častí spoločnosti - v kontexte jej hospodárskeho a civilizačného rozvoja. Metódy stavebnej prevádzky a údržby vodovodných systémov sú tiež niektoré z veľmi dôležitých faktorov, ktoré v súčasnosti ovplyvňujú vodné hospodárstvo a zásobovanie vodou. Legisl...
Uložené v:
| Hlavný autor: | |
|---|---|
| Ďalší autori: | |
| Médium: | Kapitola |
| Jazyk: | English |
| Predmet: | |
| Tagy: |
Žiadne tagy, Buďte prvý, kto otaguje tento záznam!
|
MARC
| LEADER | 00000naa$a2200000$$$4500 | ||
|---|---|---|---|
| 001 | 0262572 | ||
| 005 | 20250324111838.2 | ||
| 041 | 0 | |a eng | |
| 044 | |a BG | ||
| 245 | 1 | 0 | |a Water Management and Water Supply in the Slovak Republic at the Regional Level |c Karol Janas, Rudolf Kucharčík |
| 520 | |a Zásobovanie vodou je jednou z najdôležitejších častí spoločnosti - v kontexte jej hospodárskeho a civilizačného rozvoja. Metódy stavebnej prevádzky a údržby vodovodných systémov sú tiež niektoré z veľmi dôležitých faktorov, ktoré v súčasnosti ovplyvňujú vodné hospodárstvo a zásobovanie vodou. Legislatívny rámec pre vodnú politiku. Hlavné vodohospodárske problémy na Slovensku. Zásobovanie obyvateľstva verejnou vodou. | ||
| 610 | 2 | 0 | |a voda |
| 610 | 2 | 0 | |a voda pitná |
| 610 | 2 | 0 | |a kvalita vody |
| 610 | 2 | 0 | |a zdroje vodné |
| 610 | 2 | 0 | |a znečistenie vôd |
| 610 | 2 | 0 | |a spotreba vody |
| 610 | 2 | 0 | |a Slovensko |
| 610 | 2 | 0 | |a regióny |
| 100 | 1 | |a Janas, Karol | |
| 700 | 1 | |a Kucharčík, Rudolf, 1977- | |